000
00295nam a2200121Ia 4500
005
20251222154305.0
008
251222s9999||||xx |||||||||||||| ||spa||
020
_a
84-8130-179-5
082
_a
868.949/A52G/1999
100
_a
"Amado, Jorge"
245
0
_a
"Gabriela, clavo y canela"
942
_c
LIB
999
_c
33166
_d
33166